00385nam a2200109Ia 4500008004100000082001000041100006600051245004500117260002300162630004500185730004500230100328s9999 xx 000 0 und d b11417 aटिळक अशोक देवदत्त-संपा. aटिळकांची कविता bनागरिक aटिळकांची कविता aटिळकांची कविता